Mobile Telecommunications and Health Research Programme (MTHR) (Record no. 120115)

MARC details
000 -LEADER
fixed length control field 00805cam a2200205 4500
001 - CONTROL NUMBER
control field WS118931
008 - FIXED-LENGTH DATA ELEMENTS--GENERAL INFORMATION
fixed length control field 020719n 000 0 eng u
035 ## - SYSTEM CONTROL NUMBER
System control number (Sirsi) u118931
110 ## - MAIN ENTRY--CORPORATE NAME
Corporate name or jurisdiction name as entry element Mobile Telecommunications and Health Research Programme
9 (RLIN) 4292
245 ## - TITLE STATEMENT
Title Mobile Telecommunications and Health Research Programme (MTHR)
520 ## - SUMMARY, ETC.
Summary, etc. Web site for this research programme set up following the Stewart Report into mobile phones and health. Gives details of research and terms of reference.
650 ## - SUBJECT ADDED ENTRY--TOPICAL TERM
Topical term or geographic name entry element RESEARCH
650 ## - SUBJECT ADDED ENTRY--TOPICAL TERM
Topical term or geographic name entry element STEWART REPORT
650 ## - SUBJECT ADDED ENTRY--TOPICAL TERM
Topical term or geographic name entry element HEALTH AND SAFETY
9 (RLIN) 6244
650 ## - SUBJECT ADDED ENTRY--TOPICAL TERM
Topical term or geographic name entry element MOBILE PHONES
650 ## - SUBJECT ADDED ENTRY--TOPICAL TERM
Topical term or geographic name entry element TELECOMMUNICATIONS
690 ## - LOCAL SUBJECT ADDED ENTRY--TOPICAL TERM (OCLC, RLIN)
Topical term or geographic name as entry element TRANSPORT AND COMMUNICATIONS
856 40 - ELECTRONIC LOCATION AND ACCESS
Uniform Resource Identifier <a href="https://www.mthr.org.uk">https://www.mthr.org.uk</a>
Public note View the website free of charge at www.mthr.org.uk...
942 ## - ADDED ENTRY ELEMENTS (KOHA)
Suppress in OPAC 0
Holdings
Withdrawn status Lost status Source of classification or shelving scheme Damaged status Not for loan Home library Current library Shelving location Date acquired Total Checkouts Full call number Barcode Date last seen Copy number Price effective from Koha item type
    Dewey Decimal Classification     Virtual Virtual Online 19/07/2002   WEB SITE 118931-2001 06/08/2019 1 06/08/2019 Online material